000 00306nam a22001337a 4500
008 170502b xxu||||| |||| 00| 0 eng d
020 _a9780314206015
041 _aeng
080 _211 ED
_a343.9
100 _a13
101 _aSHJ
245 _aMODERN CRIMINAL PROCEDURES
_cKAMISAR.Y
942 _2udc
_cBK
999 _c12483
_d12483